000 00674nam a2200253Ia 4500
003 OSt
005 20221007080212.0
006 a|||||r|||| 00| 0
007 ta
008 221006b |||||||| |||| 00| 0 eng d
024 _a37,890
037 _cTextual
040 _aFLL
_cFLL
_beng
041 _2eng
_aeng
082 _aX72:Z2, Q2
100 _aSinghania V.K
245 0 _aDirect taxes
_b law and practice
250 _a48th
260 _aNew Delhi
_bTaxmannPublications (P.) Ltd. India
_c2012
300 _ad.p
_ccm.
700 _a sINGHANIA K.
942 _hX72:Z2, Q2
_cTEXL
_2CC
999 _c1158636
_d1158636